000 00852nam a22002177a 4500
003 BD-DhUL
005 20210929154246.0
008 210907s2009 bg ||||| |||| 00| 0 ben
020 _a9847011600185 (hbk)
040 _aBD-DhUL
_cBD-DhUL
082 _a891.443
_bHAB
100 1 _aহক, সৈয়দ শামসুল
245 0 0 _aবৃষ্টি ও বিদ্রোহীগণ /
_cসৈয়দ শামসুল হক ।
250 _a১ম অণ্বেষা সংস্ক.
260 _aঢাকা :
_bঅণ্বেষা ,
_c২০০৯ (২০১৮ মুদ্রণ) ।
300 _a৪৮৮ পৃ. ;
_c২২ সেমি.
365 _aBDT
_b600.00
650 4 _aবাংলা সাহিত্য
_vউপন্যাস ।
650 4 _aBengali literature
_vFiction.
942 _2ddc
_cBK
999 _c254388
_d254388